000 06439nam a22005057a 4500
005 20100513141642.0
010 _aHIN-89239 B-418624-644
020 _a9788183611459
_c250.00
035 _aHN-61585
035 _aB-418624-644
037 _bDBAD / PUB
082 _a
100 _aमहाश्वेता देवी
_926567
245 _aअग्निगर्भ /
_cमहाश्वेता देवी
246 _aAgnigarbh
_bby Mahashweta
260 _aनई दिल्ली
_bराधाकृष्ण प्रकाशन
_c2010 (पहली आवृत्ति)
270 _a7/31, अंसारी रोड, दरियागंज
_bनई दिल्ली
_e110002
300 _a227पृ
_c22सेमी (सजिल्द)
650 _aहिन्दी कथा साहित्य
_9657
650 _aHindi Fiction
_926568
942 _2ddc
_cHN
_mमहाश्वे
_h
999 _c36025
_d36025